Η παραδοσιακή δραματουργία του Καραγκιόζη : (πρώτη προσέγγιση)
Αποθηκεύτηκε σε:
| Κύριος συγγραφέας: | |
|---|---|
| Μορφή: | Βιβλίο |
| Γλώσσα: | Greek |
| Δημοσίευση: |
Αθήνα :
Στιγμή,
1984
|
| Θέματα: | |
| Ετικέτες: |
Προσθήκη ετικέτας
Δεν υπάρχουν, Καταχωρήστε ετικέτα πρώτοι!
|
MARC
| LEADER | 00000nam a2200000 i 4500 | ||
|---|---|---|---|
| 001 | 1/4688 | ||
| 008 | 000531s1984 gre d | ||
| 035 | |l 10061305 | ||
| 040 | |a GR-MY-UA |b gre |e aacr | ||
| 041 | 0 | |a gre | |
| 082 | 0 | |a 791.5 | |
| 100 | 1 | |a Σηφάκης, Γρηγόρης Μ. |d 1935- | |
| 245 | 1 | 2 | |a Η παραδοσιακή δραματουργία του Καραγκιόζη : |b (πρώτη προσέγγιση) / |c Γρηγόρης Μ. Σηφάκης |
| 260 | |a Αθήνα : |b Στιγμή, |c 1984 | ||
| 300 | |a 79 σ. | ||
| 630 | 0 | 0 | |a Karagiozis. |
| 650 | 0 | 0 | |a Shadow shows |z Greece |x History and criticism. |
| 650 | 0 | 0 | |a Folk drama, Greek (Modern) |x History and criticism. |
| 852 | |a INST |b RHODES |e 20000531 |h 791.5 ΣΗΦ |p 005400017665 |q 005400017665 |t BK |y 0 | ||
| 901 | |a BIBL4-2000-2 | ||
| 909 | |a Ρ |b 065019 | ||
| 922 | |a 4ΕΛΗ |b 199903 |c ΚΠΣ/95 |d EMVASSIS | ||
| 970 | |a ΚΟΥΛΑΚΙΟΤΗ |b ΛΙΤΣΑ |z 2000/05/30 | ||